Κατάλογος Βιβλιοθηκών Mediterranean College

Γαστρονομικόν / Η Τέχνη της Μαγειρικής στην Αρχαία Ελλάδα: Δεύτερη Έκδοση (Record no. 6075)

MARC details
000 -LEADER
fixed length control field 01301cam a22002174a 4500
005 - ΗΜΕΡΟΜΗΝΙΑ ΚΑΙ ΩΡΑ ΤΕΛΕΥΤΑΙΑΣ ΕΝΗΜΕΡΩΣΗΣ
Πεδίο ελέγχου 20250605164232.0
008 - FIXED-LENGTH DATA ELEMENTS--GENERAL INFORMATION
Πεδίο ελέγχου σταθερού μήκους 250528s ||||||||||||||||||||||||d
035 ## - SYSTEM CONTROL NUMBER
System control number 20998
020 ## - ISBN
ISBN 9789606649790
040 ## - ΠΗΓΗ ΚΑΤΑΛΟΓΟΓΡΑΦΗΣΗΣ
Φορέας πρωτότυπης καταλογογράφησης MC Athens Campus Library
Γλώσσα καταλογογράφησης Ελληνικά, Μοντέρνα (1453-)
Modifying agency MC Athens Campus Library
Κανόνες περιγραφικής καταλογογράφησης AACR2
245 1# - ΤΙΤΛΟΣ ΚΑΙ ΔΗΛΩΣΗ ΥΠΕΥΘΥΝΟΤΗΤΑΣ
Τίτλος Γαστρονομικόν / Η Τέχνη της Μαγειρικής στην Αρχαία Ελλάδα: Δεύτερη Έκδοση
250 ## - EDITION STATEMENT
Edition statement
260 ## - PUBLICATION, DISTRIBUTION, ETC.
Name of publisher, distributor, etc. Έναστρον,
Date of publication, distribution, etc. 2012
300 ## - PHYSICAL DESCRIPTION
Extent 304
520 ## - SUMMARY, ETC.
Summary, etc. Εισαγωγικό Σημείωμα, Η Γαστρονομία στον Αρχαίο Ελλαδικό Χώρο, Η Καθημερινή Μαγειρική, Ιδιωτικά και Δημόσια Γεύματα, Ο Φιλόξενος και η Εξέλιξη της Γαστρονομίας, Ο Αρχέστρατος και η Ηδυπάθεια, Ο Μάτρων και το Αττικό Δείπνο, Ο Γάμος του Καράνου, Δύο Ακραίες Όψεις Διατροφικών Συνηθειών, Βιβλιογραφία, Σημειώσεις Κειμένου, Σημειώσεις Συνταγών, Παραπομπές.
700 1# - ΠΡΟΣΘΕΤΗ ΑΝΑΓΡΑΦΗ--ΦΥΣΙΚΟ ΠΡΟΣΩΠΟ
Personal name Ηλιόπουλος Γιώργος
9 (RLIN) 7016
700 1# - ΠΡΟΣΘΕΤΗ ΑΝΑΓΡΑΦΗ--ΦΥΣΙΚΟ ΠΡΟΣΩΠΟ
Personal name Ριζά - Σκύφα Έφη
9 (RLIN) 7017
942 ## - ADDED ENTRY ELEMENTS (KOHA)
Koha item type Books
Holdings
Τύπος τεκμηρίου Βιβλιοθήκη Τρέχουσα τοποθεσία Barcode Αριθμός εισαγωγής Ημερομηνία απόκτησης Ταξιθετικό σύμβολο Αριθμός αντιτύπου Κατάσταση απόσυρσης Κατάσταση χαμένου Κατάσταση κατεστραμμένου Μη δανεισμός Σύνολο δανεισμών Ημερομηνία τελευταίας εμφάνισης Η τιμή ισχύει από
Books MC Athens Campus Library MC Athens Campus Library 9780000060747 6762 05/06/2025 641.5938 ILI 1           05/06/2025 05/06/2025

MC Athens Campus Library
Πατησίων 94 & Κοδριγκτώνος 13, 104 34
Πελλήνης 8 & Πατησίων 107, 112 51
Τ: +30 210 8899600

MC Thessaloniki Campus Library
Ίωνος Δραγούμη 21, 54625 | Ίωνος Δραγούμη 15, 54625
Τ: +30 2310 287779 – Τ: +30 2314 440300